000 00640nam a2200241 i 4500
001 C2-0168226
003 PPAK
005 20180727134008.0
008 980715s1996 my |||| ||||| | may d
040 _aPPAK
_beng
_cPPAK
_erda
082 0 4 _a899.2333
_223
090 0 0 _a899.2333
_bMEN
_dKK
100 0 _aZurinah Hassan,
_eauthor
245 1 0 _aMenjelang Pemilihan
264 1 _aKuala Lumpur :
_c1996
300 _a7 pages ;
_c30 cm
336 _2rdacontent
_atext
337 _2rdamedia
_aunmediated
338 _2rdacarrier
_avolume
500 _aCerpen di dalam Dewan Sastera Julai 1996
650 1 0 _aMalay fiction
942 _ddc
_cB
999 _c49947
_d49947